Detalles MARC
| 000 -CABECERA |
| campo de control de longitud fija |
01587nam a2200277 i 4500 |
| 003 - IDENTIFICADOR DEL NÚMERO DE CONTROL |
| campo de control |
DO-SdBNP |
| 005 - FECHA Y HORA DE LA ÚLTIMA TRANSACCIÓN |
| campo de control |
20250403145332.0 |
| 007 - CAMPO FIJO DE DESCRIPCIÓN FÍSICA--INFORMACIÓN GENERAL |
| campo de control de longitud fija |
ta |
| 008 - DATOS DE LONGITUD FIJA--INFORMACIÓN GENERAL |
| campo de control de longitud fija |
250403b2024 dr o|||| |||| 00| 0 spa d |
| 020 ## - NÚMERO INTERNACIONAL ESTÁNDAR DEL LIBRO |
| Número Internacional Estándar del Libro |
9789945500042 |
| 040 ## - FUENTE DE LA CATALOGACIÓN |
| Centro catalogador/agencia de origen |
DO-SdBNP |
| Lengua de catalogación |
spa |
| Centro/agencia transcriptor |
BNPHU |
| Normas de descripción |
rda |
| 082 ## - NÚMERO DE LA CLASIFICACIÓN DECIMAL DEWEY |
| Número de clasificación |
xxx |
| Número de documento/Ítem |
T765 |
| Número de edición |
22 |
| 245 03 - MENCIÓN DE TÍTULO |
| Título |
La tragedia de Coopegas contada por sus sobrevivientes y otros textos periodísticos / |
| 264 ## - PRODUCCIÓN, PUBLICACIÓN, DISTRIBUCIÓN, FABRICACIÓN Y COPYRIGHT |
| Producción, publicación, distribución, fabricación y copyright |
Santo Domingo : |
| Nombre del de productor, editor, distribuidor, fabricante |
Ministerio de Cultura, |
| -- |
Editora Nacional, |
| Fecha de producción, publicación, distribución, fabricación o copyright |
2024. |
| 300 ## - DESCRIPCIÓN FÍSICA |
| Extensión |
64 páginas : |
| Otras características físicas |
fotografías |
| Dimensiones |
21 cm. |
| 336 ## - TIPO DE CONTENIDO |
| Término de tipo de contenido |
texto |
| Código de tipo de contenido |
txt |
| Fuente |
rdacontent |
| 337 ## - TIPO DE MEDIO |
| Nombre/término del tipo de medio |
sin mediación |
| Código del tipo de medio |
n |
| Fuente |
rdamedia |
| 338 ## - TIPO DE SOPORTE |
| Nombre/término del tipo de soporte |
volumen |
| Código del tipo de soporte |
nc |
| Fuente |
rdacarrier |
| 490 1# - MENCIÓN DE SERIE |
| Mención de serie |
Periodismo |
| 500 ## - NOTA GENERAL |
| Nota general |
La biblioteca posee la reimpresión del 2024. |
| 505 ## - NOTA DE CONTENIDO CON FORMATO |
| Información miscelánea |
Primer lugar -- |
| Título |
La tragedia de Coopegas contada por sus sobrevivientes -- |
| Mención de responsabilidad |
Fernando José Molina Mueses / |
| Información miscelánea |
Segundo lugar -- |
| Título |
Reseña del dolor en dos poemarios dominicanos -- |
| Mención de responsabilidad |
José Ángel Bratini / |
| Información miscelánea |
Tercer lugar -- |
| Título |
Sembrados en el Ozama, residentes vieron pasar a Luis Abinader -- |
| Mención de responsabilidad |
Helenny Paola Amparo Padilla / |
| Información miscelánea |
Primera mención -- |
| Título |
Anyelis Cedano: "El cáncer no duele, no da síntomas, y eso es lo peor... La vida con cáncer" -- |
| Mención de responsabilidad |
Estefany Rodriguez Vier / |
| Información miscelánea |
Segunda mención -- |
| Título |
Doña Carmen: una mujer excepcional -- |
| Mención de responsabilidad |
Yadimir Crespo Liriano / |
| Información miscelánea |
Tercera mención -- |
| Título |
"La lengua libre", el resurgimiento del Eros -- |
| Mención de responsabilidad |
Jordan Manuel Hernández Durán / |
| 586 ## - NOTA DE PREMIOS |
| Nota de premios |
Premio Joven de Periodismo Orlando Martínez. Feria Internacional del Libro, 2021. |
| 590 ## - NOTA LOCAL (RLIN) |
| Nota local |
Inventariado, 2025/ YL |
| 910 ## - DATOS DE OPCIÓN DEL USUARIO (OCLC) |
| Datos de opción del usuario |
YLockward |
| 942 ## - ELEMENTOS DE PUNTO DE ACCESO ADICIONAL (KOHA) |
| Fuente del sistema de clasificación o colocación |
Dewey Decimal Classification |
| Tipo de ítem Koha |
Libro |